<?xml version="1.0" encoding="UTF-8"?>
<record
    xmlns:xsi="http://www.w3.org/2001/XMLSchema-instance"
    xsi:schemaLocation="http://www.loc.gov/MARC21/slim http://www.loc.gov/standards/marcxml/schema/MARC21slim.xsd"
    xmlns="http://www.loc.gov/MARC21/slim">

  <leader>02188nam a2200313Ia 4500</leader>
  <datafield tag="952" ind1=" " ind2=" ">
    <subfield code="0">0</subfield>
    <subfield code="1">0</subfield>
    <subfield code="4">0</subfield>
    <subfield code="7">0</subfield>
    <subfield code="a">04</subfield>
    <subfield code="b">04</subfield>
    <subfield code="d">2007-06-07</subfield>
    <subfield code="l">0</subfield>
    <subfield code="o">KB435 A72 2004</subfield>
    <subfield code="p">04 000651</subfield>
    <subfield code="r">2015-08-08</subfield>
    <subfield code="t">1</subfield>
    <subfield code="w">2012-06-24</subfield>
    <subfield code="y">LB</subfield>
  </datafield>
  <datafield tag="952" ind1=" " ind2=" ">
    <subfield code="0">0</subfield>
    <subfield code="1">0</subfield>
    <subfield code="2">lcc</subfield>
    <subfield code="4">0</subfield>
    <subfield code="7">0</subfield>
    <subfield code="a">04</subfield>
    <subfield code="b">04</subfield>
    <subfield code="d">2018-05-02</subfield>
    <subfield code="l">0</subfield>
    <subfield code="o">KB435  A72 2004</subfield>
    <subfield code="p">04 001321</subfield>
    <subfield code="r">2018-05-02</subfield>
    <subfield code="t">1</subfield>
    <subfield code="w">2018-05-02</subfield>
    <subfield code="y">LB</subfield>
  </datafield>
  <datafield tag="952" ind1=" " ind2=" ">
    <subfield code="0">0</subfield>
    <subfield code="1">0</subfield>
    <subfield code="2">lcc</subfield>
    <subfield code="4">0</subfield>
    <subfield code="7">0</subfield>
    <subfield code="a">04</subfield>
    <subfield code="b">04</subfield>
    <subfield code="d">2018-05-02</subfield>
    <subfield code="l">0</subfield>
    <subfield code="o">KB435  A72 2004</subfield>
    <subfield code="p">04 002591</subfield>
    <subfield code="r">2018-05-02</subfield>
    <subfield code="t">1</subfield>
    <subfield code="w">2018-05-02</subfield>
    <subfield code="y">LB</subfield>
  </datafield>
  <datafield tag="952" ind1=" " ind2=" ">
    <subfield code="0">0</subfield>
    <subfield code="1">0</subfield>
    <subfield code="2">lcc</subfield>
    <subfield code="4">0</subfield>
    <subfield code="7">0</subfield>
    <subfield code="a">04</subfield>
    <subfield code="b">04</subfield>
    <subfield code="d">2018-05-02</subfield>
    <subfield code="l">0</subfield>
    <subfield code="o">KB435  A72 2004</subfield>
    <subfield code="p">04 003615</subfield>
    <subfield code="r">2018-05-02</subfield>
    <subfield code="t">2</subfield>
    <subfield code="w">2018-05-02</subfield>
    <subfield code="y">LB</subfield>
  </datafield>
  <datafield tag="952" ind1=" " ind2=" ">
    <subfield code="0">0</subfield>
    <subfield code="1">0</subfield>
    <subfield code="2">lcc</subfield>
    <subfield code="4">0</subfield>
    <subfield code="7">0</subfield>
    <subfield code="a">04</subfield>
    <subfield code="b">04</subfield>
    <subfield code="d">2018-05-02</subfield>
    <subfield code="l">0</subfield>
    <subfield code="o">KB435  A72 2004</subfield>
    <subfield code="p">04 004549</subfield>
    <subfield code="r">2018-05-02</subfield>
    <subfield code="t">1</subfield>
    <subfield code="w">2018-05-02</subfield>
    <subfield code="y">LB</subfield>
  </datafield>
  <datafield tag="952" ind1=" " ind2=" ">
    <subfield code="0">0</subfield>
    <subfield code="1">0</subfield>
    <subfield code="2">lcc</subfield>
    <subfield code="4">0</subfield>
    <subfield code="7">0</subfield>
    <subfield code="a">04</subfield>
    <subfield code="b">04</subfield>
    <subfield code="d">2018-05-02</subfield>
    <subfield code="l">0</subfield>
    <subfield code="o">KB435  A72 2004</subfield>
    <subfield code="p">04 005124</subfield>
    <subfield code="r">2018-05-02</subfield>
    <subfield code="t">5</subfield>
    <subfield code="w">2018-05-02</subfield>
    <subfield code="y">LB</subfield>
  </datafield>
  <datafield tag="952" ind1=" " ind2=" ">
    <subfield code="0">0</subfield>
    <subfield code="1">0</subfield>
    <subfield code="2">lcc</subfield>
    <subfield code="4">0</subfield>
    <subfield code="7">0</subfield>
    <subfield code="a">04</subfield>
    <subfield code="b">04</subfield>
    <subfield code="d">2018-05-02</subfield>
    <subfield code="l">1</subfield>
    <subfield code="m">1</subfield>
    <subfield code="o">KB435  A72 2004</subfield>
    <subfield code="p">04 004737</subfield>
    <subfield code="r">2018-08-25</subfield>
    <subfield code="s">2018-08-08</subfield>
    <subfield code="t">4</subfield>
    <subfield code="w">2018-05-02</subfield>
    <subfield code="y">LB</subfield>
  </datafield>
  <datafield tag="999" ind1=" " ind2=" ">
    <subfield code="c">61798</subfield>
    <subfield code="d">61798</subfield>
  </datafield>
  <controlfield tag="008">120625s2004    mx            001 0 spa d</controlfield>
  <datafield tag="020" ind1=" " ind2=" ">
    <subfield code="a">9700751279</subfield>
  </datafield>
  <datafield tag="050" ind1=" " ind2="4">
    <subfield code="a">KB435 </subfield>
    <subfield code="b">A72 2004</subfield>
  </datafield>
  <datafield tag="100" ind1="1" ind2=" ">
    <subfield code="a">Arilla Bas, Fernando</subfield>
    <subfield code="e"> , autor</subfield>
  </datafield>
  <datafield tag="245" ind1="1" ind2="3">
    <subfield code="a">El procedimiento penal en M&#xE9;xico </subfield>
    <subfield code="c"> / Fernando Arilla Bas</subfield>
  </datafield>
  <datafield tag="260" ind1=" " ind2=" ">
    <subfield code="a">M&#xE9;xico</subfield>
    <subfield code="b"> : Porr&#xFA;a</subfield>
    <subfield code="c"> , 2004</subfield>
  </datafield>
  <datafield tag="300" ind1=" " ind2=" ">
    <subfield code="a">xxxix, 519 p&#xE1;ginas </subfield>
    <subfield code="c"> ; 21 cm. </subfield>
  </datafield>
  <datafield tag="500" ind1=" " ind2=" ">
    <subfield code="a">1a. edici&#xF3;n 1961</subfield>
  </datafield>
  <datafield tag="500" ind1=" " ind2=" ">
    <subfield code="a">Ejemplar (04 000651) es 23a. edici&#xF3;n ; 8a. en editorial Porr&#xFA;a  (2004) </subfield>
  </datafield>
  <datafield tag="500" ind1=" " ind2=" ">
    <subfield code="a">Ejemplar (04 001321) es 24a. edici&#xF3;n ; 9a. en editorial Porr&#xFA;a  (2007) </subfield>
  </datafield>
  <datafield tag="500" ind1=" " ind2=" ">
    <subfield code="a">Ejemplar 1 (04 002591) y ejemplar 2 (04 003615) son 25a. edici&#xF3;n ; 10a. en editorial Porr&#xFA;a  (2008) 
</subfield>
  </datafield>
  <datafield tag="500" ind1=" " ind2=" ">
    <subfield code="a">Ejemplar 1 (04 004549) ; ejemplar 4 (04 004737) y ejemplar 5 (04 005124) son 25a. edici&#xF3;n ; 10a. en editorial Porr&#xFA;a, 2a. reimpresi&#xF3;n   (2013) 
</subfield>
  </datafield>
  <datafield tag="504" ind1=" " ind2=" ">
    <subfield code="a">Incluye bibliograf&#xED;a (pp. 515-519)</subfield>
  </datafield>
  <datafield tag="505" ind1="0" ind2=" ">
    <subfield code="a">Principios generales 
Conceptos generales 
Normaci&#xF3;n del procedimiento 
Actos jur&#xED;dicos del procedimiento 
Acci&#xF3;n penal 
Acci&#xF3;n de reparaci&#xF3;n del da&#xF1;o 
Jurisdicci&#xF3;n 
Competencia 
El procedimiento penal ante el &#xF3;rgano persecutorio 
Periodo de preparaci&#xF3;n del ejercicio de la acci&#xF3;n penal 
Ejercicio de la acci&#xF3;n penal 
El procedimiento penal ante el &#xF3;rgano jurisdiccional 
Periodo de preparaci&#xF3;n del proceso 
Periodo de proceso 
La prueba en el proceso 
Confesi&#xF3;n 
Testimonio 
Testimonio ofendido 
Testimonio pericial 
Retracci&#xF3;n de los &#xF3;rganos de prueba personal </subfield>
  </datafield>
  <datafield tag="519" ind1=" " ind2=" ">
    <subfield code="a">Material complementario /</subfield>
    <subfield code="d">(04 000651)</subfield>
  </datafield>
  <datafield tag="519" ind1=" " ind2=" ">
    <subfield code="a">Material complementario /</subfield>
    <subfield code="d">(04 001321)</subfield>
  </datafield>
  <datafield tag="519" ind1=" " ind2=" ">
    <subfield code="a">Plan Flexible / </subfield>
    <subfield code="b">Criminal&#xED;stica / </subfield>
    <subfield code="c">Derecho Procesal Penal (B18) / </subfield>
    <subfield code="d">(04 002591) </subfield>
  </datafield>
  <datafield tag="519" ind1=" " ind2=" ">
    <subfield code="a">Plan Flexible / </subfield>
    <subfield code="b">Criminal&#xED;stica / </subfield>
    <subfield code="c">T&#xE9;cnicas de Entrevista e Interrogatorio (B20) / </subfield>
    <subfield code="d">(04 004549) </subfield>
  </datafield>
  <datafield tag="519" ind1=" " ind2=" ">
    <subfield code="a">Educaci&#xF3;n Mixta / </subfield>
    <subfield code="b">Criminal&#xED;stica / </subfield>
    <subfield code="c">Pol&#xED;tica Criminal (B19-3) / </subfield>
    <subfield code="d">(04 004737) </subfield>
  </datafield>
  <datafield tag="519" ind1=" " ind2=" ">
    <subfield code="a">Educaci&#xF3;n Mixta / </subfield>
    <subfield code="b">Criminal&#xED;stica / </subfield>
    <subfield code="c">Derecho Procesal Penal (B18) / </subfield>
    <subfield code="d">(04 005124) </subfield>
  </datafield>
  <datafield tag="519" ind1=" " ind2=" ">
    <subfield code="a">Material Complementario / </subfield>
    <subfield code="d">(04 003615) </subfield>
  </datafield>
  <datafield tag="650" ind1=" " ind2="4">
    <subfield code="a">PROCEDIMIENTO PENAL</subfield>
    <subfield code="z">M&#xC9;XICO</subfield>
  </datafield>
  <datafield tag="942" ind1=" " ind2=" ">
    <subfield code="c">LB</subfield>
    <subfield code="2">lcc</subfield>
  </datafield>
</record>
